000 00587nam a2200217 i 4500
001 15242
003 ES-MaACL
005 20230906151026.0
007 t|
008 000207s1999 sp ||||1| spa d
020 _a84-239-7964-4
080 _a821.134.2-31"19"
100 1 _aPuértolas, Soledad.
_994193
245 1 3 _aLa rosa de plata /
_cSoledad Puertolas.
260 _aMadrid :
_bEspasa-Calpe,
_c1999.
300 _a261 p. ;
_c23 cm.
490 1 _aEspasa narrativa
830 0 _aEspasa narrativa
_9179733
852 _aES-MaACL
_jL-22478
_bR.127919
999 _c15242
_d15242